Rozsypanka literowa - miasta USA - Statystyki

Ogólne statystyki
  • Ten quiz został rozwiązany 15 razy
  • Średni wynik to 3 z 20
Statystyki odpowiedzi
Stan Populacja Miasto % Poprawnych
Georgia 486 290 Atlanta
100%
Karolina Północna 165,904 Cary
100%
Karolina Północna 859 035 Charlotte
100%
Illinois 2 716 450 Chicago
100%
Georgia 194 058 Columbus
100%
Teksas 1 341 075 Dallas
100%
Pensylwania 1 580 863 Filadelfia
100%
Floryda 153 627 Hollywood
100%
Floryda 463 347 Miami
100%
Minnesota 422 331 Minneapolis
100%
Arizona 1 626 078 Phoenix
100%
Pensylwania 302 407 Pittsburgh
100%
Illinois 147 051 Rockford
100%
Illinois 114 868 Springfield
100%
Teksas 136 436 Waco
100%
Rhode Island 180 393 Providence
67%
Nowy Meksyk 558 545 Albuquerque
50%
Karolina Południowa 134 875 Charleston
50%
Ohio 301,301 Cincinnati
50%
Ohio 385 525 Cleveland
50%
Michigan 100 712 Clinton
50%
Kolorado 704,621 Denver
50%
Hawaje 350 395 Honolulu
50%
Teksas 2 312 717 Houston
50%
Arizona 496 401 Mesa
50%
Massachusetts 154 758 Springfield
50%
Teksas 121 885 Abilene
0%
Ohio 197 846 Akron
0%
Wirginia 160 035 Alexandria
0%
Teksas 100 685 Allen
0%
Pensylwania 121 283 Allentown
0%
Teksas 199 826 Amarillo
0%
Kalifornia 352 497 Anaheim
0%
Alaska 294 356 Anchorage
0%
Kalifornia 111 674 Antioch
0%
Teksas 396 394 Arlington
0%
Kolorado 118 807 Arvada
0%
Georgia 125 691 Athens
0%
Georgia 197 166 Augusta
0%
Kolorado 366 623 Aurora
0%
Illinois 200 965 Aurora
0%
Teksas 950 715 Austin
0%
Kalifornia 380 874 Bakersfield
0%
Maryland 611,648 Baltimore
0%
Teksas 119,114 Beaumont
0%
Waszyngton 144 444 Bellevue
0%
Kalifornia 122 324 Berkeley
0%
Montana 109 642 Billings
0%
Alabama 210 710 Birmingham
0%
Idaho 226 570 Boise
0%
Massachusetts 685 094 Boston
0%
Kolorado 107 125 Boulder
0%
Connecticut 146 579 Bridgeport
0%
Teksas 183 299 Brownsville
0%
Nowy Jork 258 612 Buffalo
0%
Kalifornia 104 834 Burbank
0%
Massachusetts 113 630 Cambridge
0%
Kalifornia 115 330 Carlsbad
0%
Teksas 135,710 Carrollton
0%
Kolorado 110,250 Centennial
0%
Arizona 253,458 Chandler
0%
Tennessee 179 139 Chattanooga
0%
Wirginia 240 397 Chesapeake
0%
Tennessee 153 205 Clarksville
0%
Floryda 115 513 Clearwater
0%
Kalifornia 109 691 Clovis
0%
Karolina Południowa 133 114 Columbia
0%
Missouri 121 717 Columbia
0%
Ohio 879 170 Columbus
0%
Kalifornia 129 783 Concord
0%
Kalifornia 167 836 Corona
0%
Iowa 102 320 Davenport
0%
Floryda 105 149 Davie
0%
Ohio 140 371 Dayton
0%
Teksas 136 268 Denton
0%
Michigan 673,104 Detroit
0%
Kalifornia 113,092 Downey
0%
Karolina Północna 267 743 Durham
0%
New Jersey 102 450 Edison
0%
Illinois 112 456 Elgin
0%
New Jersey 130 215 Elizabeth
0%
Kalifornia 151 969 Escondido
0%
Oregon 168 916 Eugene
0%
Indiana 118,930 Evansville
0%
Waszyngton 110 079 Everett
0%
Kalifornia 116 266 Fairfield
0%
Dakota Północna 122 359 Fargo
0%
Karolina Północna 209 889 Fayetteville
0%
Kalifornia 211 815 Fontana
0%
Kalifornia 234 962 Fremont
0%
Kalifornia 527 438 Fresno
0%
Teksas 177 286 Frisco
0%
Kalifornia 140 392 Fullerton
0%
Floryda 132 249 Gainesville
0%
Teksas 238 002 Garland
0%
Arizona 242 354 Gilbert
0%
Arizona 246 709 Glendale
0%
Kalifornia 203 054 Glendale
0%
Kolorado 105 448 Greeley
0%
Karolina Północna 290 222 Greensboro
0%
Oregon 111 053 Gresham
0%
Wirginia 134 669 Hampton
0%
Connecticut 123 400 Hartford
0%
Kalifornia 160 500 Hayward
0%
Nevada 302,539 Henderson
0%
Floryda 239 673 Hialeah
0%
Oregon 106 894 Hillsboro
0%
Alabama 194 585 Huntsville
0%
Missouri 117 306 Independence
0%
Indiana 863 002 Indianapolis
0%
Kalifornia 110 598 Inglewood
0%
Kalifornia 277 453 Irvine
0%
Teksas 240 373 Irving
0%
Missisipi 166 965 Jackson
0%
Floryda 892 062 Jacksonville
0%
Illinois 148 462 Joliet
0%
Waszyngton 128 458 Kent
0%
Teksas 145 482 Killeen
0%
Tennessee 187 347 Knoxville
0%
Luizjana 126 848 Lafayette
0%
Floryda 108 054 Lakeland
0%
Kolorado 154 958 Lakewood
0%
New Jersey 102 682 Lakewood
0%
Kalifornia 160 316 Lancaster
0%
Michigan 116 986 Lansing
0%
Teksas 260 654 Laredo
0%
Teksas 106 021 Lewisville
0%
Kentucky 321 959 Lexington
0%
Nebraska 284 736 Lincoln
0%
Kentucky 621 349 Louisville
0%
Massachusetts 111 346 Lowell
0%
Teksas 253 888 Lubbock
0%
Georgia 152 663 Macon
0%
Wisconsin 255 214 Madison
0%
New Hampshire 111 196 Manchester
0%
Teksas 142 696 McAllen
0%
Teksas 181 330 McKinney
0%
Tennessee 652 236 Memphis
0%
Tekaas 143 949 Mesquite
0%
Teksas 136 089 Midland
0%
Wisconsin 595 351 Milwaukee
0%
Floryda 140 328 Miramar
0%
Alabama 190 265 Mobile
0%
Kalifornia 214 221 Modesto
0%
Alabama 199 518 Montgomery
0%
Tennessee 136 372 Murfreesboro
0%
Kalifornia 113 326 Murrieta
0%
Illinois 147 682 Naperville
0%
Tennessee 667 560 Nashville
0%
New Jersey 285 154 Newark
0%
Wirginia 244 703 Norfolk
0%
Oklahoma 122 843 Norman
0%
Kalifornia 106 084 Norwalk
0%
Kalifornia 425 195 Oakland
0%
Kalifornia 176 193 Oceanside
0%
Teksas 116 861 Odessa
0%
Kansas 137 472 Olathe
0%
Nebraska 466 893 Omaha
0%
Kalifornia 175 841 Ontario
0%
Kalifornia 140 560 Orange
0%
Floryda 280 257 Orlando
0%
Kalifornia 210 037 Oxnard
0%
Kalifornia 157 519 Palmdale
0%
Teksas 153 520 Pasadena
0%
Kalifornia 142 647 Pasadena
0%
New Jersey 148 678 Paterson
0%
Teksas 119 940 Pearland
0%
Arizona 168 181 Peoria
0%
Illinois 112 883 Peoria
0%
Teksas 286 143 Plano
0%
Kalifornia 152 939 Pomona
0%
Oregon 647 805 Portland
0%
Utah 117 335 Provo
0%
Kolorado 111 127 Pueblo
0%
Karolina Północna 464 758 Raleigh
0%
Nevada 248 853 Reno
0%
Waszyngton 101 379 Renton
0%
Kalifornia 103 562 Rialto
0%
Teksas 116 783 Richardson
0%
Wirginia 227 032 Richmond
0%
Kalifornia 110 040 Richmond
0%
Kalifornia 327 728 Riverside
0%
Nowy Jork 208 046 Rochester
0%
Minnesota 115 733 Rochester
0%
Kalifornia 135 329 Roseville
0%
Kalifornia 501 901 Sacramento
0%
Oregon 169 798 Salem
0%
Kalifornia 157 596 Salinas
0%
Georgia 146 444 Savannah
0%
Arizona 249 950 Scottsdale
0%
Waszyngton 724 745 Seattle
0%
Luizjana 192 036 Shreveport
0%
Nevada 100 888 Sparks
0%
Waszyngton 217 108 Spokane
0%
Missouri 167 376 Springfield
0%
Connecticut 130 824 Stamford
0%
Kalifornia 310 496 Stockton
0%
Kalifornia 153 656 Sunnyvale
0%
Arizona 134 085 Surprise
0%
Nowy Jork 143 396 Syracuse
0%
Waszyngton 213 418 Tacoma
0%
Floryda 191 049 Tallahassee
0%
Floryda 385 430 Tampa
0%
Kalifornia 114 327 Temecula
0%
Arizona 185 038 Tempe
0%
Kolorado 136 978 Thornton
0%
Ohio 276 491 Toledo
0%
Kansas 126 587 Topeka
0%
Kalifornia 146 758 Torrance
0%
Arizona 535 677 Tucson
0%
Oklahoma 401 800 Tulsa
0%
Alabama 100 287 Tuscaloosa
0%
Teksas 104 991 Tyler
0%
Kalifornia 122 105 Vallejo
0%
Waszyngton 175 673 Vancouver
0%
Kalifornia 110 790 Ventura
0%
Kalifornia 122 441 Victorville
0%
Kalifornia 133 010 Visalia
0%
Kalifornia 101 568 Vista
0%
Michigan 135 022 Warren
0%
Connecticut 108 629 Waterbury
0%
Kolorado 112 812 Westminster
0%
Kansas 390 591 Wichita
0%
Karolina Północna 119 045 Wilmington
0%
New Jersey 101 965 Woodbridge
0%
Massachusetts 185 677 Worcester
0%
Nowy Jork 202 019 Yonkers
0%
Nie znaleziono quizów pasujących do podanych kryteriów
Rozkład punktacji
Procent ludzi z każdym wynikiem
Percentyl według liczby udzielonych odpowiedzi
Twoja historia wyników
Nie rozwiązałeś tego quizu